| 000 | 00470nam a2200181Ia 4500 | ||
|---|---|---|---|
| 005 | 20250603144606.0 | ||
| 008 | 250603s9999 xx 000 0 und d | ||
| 020 | _a9789783804294 | ||
| 050 | _aDT 515.59 .A63/ | ||
| 100 | _aApata, Z. O. | ||
| 245 | 0 | _aBritish administrative changes and reorganizations in northern Nigeria 1897-1939 | |
| 260 | _aIbadan | ||
| 260 | _bCrestHill Publishers | ||
| 260 | _c2011 | ||
| 300 | _a281 p | ||
| 650 | _aIbadan | ||
| 942 | _cBK | ||
| 999 |
_c39378 _d39378 |
||